书目信息 |
| 题名: |
澳大利亚史
|
|
| 作者: | 王宇博 著 | |
| 分册: | ||
| 出版信息: | 南京 江苏人民出版社 2017.01 |
|
| 页数: | 488页 | |
| 开本: | 25cm | |
| 丛书名: | ||
| 单 册: | ||
| 中图分类: | K611.0 | |
| 科图分类: | ||
| 主题词: | ||
| 电子资源: | ||
| ISBN: | 978-7-214-17793-3 | |
| 000 | 00932nam0 2200265 450 | |
| 001 | 008890565 | |
| 005 | 20170908091134.10 | |
| 010 | @a978-7-214-17793-3@dCNY78.00 | |
| 100 | @a20170221d2017 em y0chiy0110 ea | |
| 101 | 0 | @achi |
| 102 | @aCN@b320000 | |
| 105 | @ay z 000yy | |
| 106 | @ar | |
| 200 | 1 | @a澳大利亚史@9ao da li ya shi@dA histroy [i.e. history] of Australia@f王宇博著@zeng |
| 210 | @a南京@c江苏人民出版社@d2017.01 | |
| 215 | @a488页@d25cm | |
| 330 | @a本书共八章,包括土著原始文明的传承与终结、英属罪犯殖民地社会的形成与变化、英属自治殖民地时期的社会演进、澳大利亚民族的生成、民族国家的形成、建设民族国家、自主与独立的发展趋势等。 | |
| 333 | @a历史研究者 | |
| 510 | 1 | @aHistroy of Australia@zeng |
| 510 | 1 | @aHistory of Australia@zeng |
| 607 | @a澳大利亚@x历史 | |
| 690 | @aK611.0@v5 | |
| 701 | 0 | @a王宇博@9wang yu bo@f(1960-)@4著 |
| 801 | 0 | @aCN@b人天书店@c20170420 |
| 905 | @b993210-15@dK611.0@e4@f6 | |
| 澳大利亚史=A histroy [i.e. history] of Australia/王宇博著.-南京:江苏人民出版社,2017.01 |
| 488页;25cm |
| 使用对象:历史研究者 |
| ISBN 978-7-214-17793-3:CNY78.00 |
| 本书共八章,包括土著原始文明的传承与终结、英属罪犯殖民地社会的形成与变化、英属自治殖民地时期的社会演进、澳大利亚民族的生成、民族国家的形成、建设民族国家、自主与独立的发展趋势等。 |
| ● |
| 相关链接 |
|
|
|
|
正题名:澳大利亚史
索取号:K611.0/4
 
预约/预借
| 序号 | 登录号 | 条形码 | 馆藏地/架位号 | 状态 | 备注 |
| 1 | 993210 | 209932108 | 第二样本阅览室/ [索取号:K611.0/4] | 在馆 | |
| 2 | 993211 | 209932117 | 第二借阅区/ [索取号:K611.0/4] | 在馆 | |
| 3 | 993212 | 209932126 | 第二借阅区/ [索取号:K611.0/4] | 在馆 | |
| 4 | 993213 | 209932135 | 第二借阅区/ [索取号:K611.0/4] | 在馆 | |
| 5 | 993214 | 209932144 | 第二借阅区/ [索取号:K611.0/4] | 在馆 | |
| 6 | 993215 | 209932153 | 密集书库-史法系/ [索取号:K611.0/4] | 在馆 |